000 00609nam a2200193 i 4500
001 109611
003 ES-MaACL
005 20230906184857.0
007 t|
008 061121s1973 sp r ||||1| spa d
100 1 _aMuniain, José Luis.
_984193
245 1 4 _aLos sindicalistas /
_cJosé Luis Muniain, Alberto Otaño, Maribel Troncoso.
260 _aBilbao :
_b[s.n.],
_c1973 (
_fGráf. Ellacuria)
300 _a271 p., 21 lám. ;
_c23 cm.
650 0 4 _aSindicatos-
_zEspaña.
_917119
700 1 _aOtaño, Alberto.
_987857
700 1 _aTroncoso, Maribel.
_9111502
852 _aES-MaACL
_jC-51887
_bR.85710
999 _c109611
_d109611